Catalog

Record Details

Catalog Search



Jim Cramer's real money : sane investing in an ... Read More

Cramer, Jim.(Author).

Available copies

  • 0 of 1 copy available at LARL/NWRL Consortium. (Show)
  • 0 of 1 copy available at Northwest Regional Library.

Current holds

0 current holds with 1 total copy.

Show Only Available Copies
Location Call Number / Copy Notes Barcode Shelving Location Status Due Date
Warroad Public Library 332.6 CRA (Text) 35500004315634 Main In transit -

Record details

  • ISBN: 0743224892
  • Physical Description: ix, 300 p. : ill. ; 25 cm.
  • Publisher: New York : Simon & Schuster, c2005.

Content descriptions

General Note:
Includes index.
Subject: Investment analysis.
Portfolio management
Investments.
LDR 00908pam a22002894a 4500
00158285
003LARL_NWRL_CONSORTIUM
00520050407101206.0
008050114s2005 nyua 001 0 eng
010 . ‡a2005042499
020 . ‡a0743224892
035 . ‡a(OCoLC)57475910
040 . ‡aDLC ‡cDLC ‡dYDX
042 . ‡apcc
08200. ‡a332.6 ‡222
1001 . ‡aCramer, Jim. ‡0(LARL_NWRL_CONSORTIUM)131881
24510. ‡aJim Cramer's real money : ‡bsane investing in an insane world / ‡cJames J. Cramer.
24630. ‡aReal money
260 . ‡aNew York : ‡bSimon & Schuster, ‡cc2005.
300 . ‡aix, 300 p. : ‡bill. ; ‡c25 cm.
500 . ‡aIncludes index.
650 0. ‡aInvestment analysis. ‡0(LARL_NWRL_CONSORTIUM)23360
650 0. ‡aPortfolio management ‡0(LARL_NWRL_CONSORTIUM)28606
650 0. ‡aInvestments. ‡0(LARL_NWRL_CONSORTIUM)23364
901 . ‡a58285 ‡bOCLC ‡c58285 ‡tbiblio

Additional Resources